Charismatic movements in the Baptist churches in North East India : (Record no. 9646)

MARC details
000 -LEADER
fixed length control field 01617cam a2200445 i 4500
001 - CONTROL NUMBER
control field 18459930
003 - CONTROL NUMBER IDENTIFIER
control field GBCCL
005 - DATE AND TIME OF LATEST TRANSACTION
control field 20241126110716.0
007 - PHYSICAL DESCRIPTION FIXED FIELD--GENERAL INFORMATION
fixed length control field ta
008 - FIXED-LENGTH DATA ELEMENTS--GENERAL INFORMATION
fixed length control field 140418s2014 ii b 000 0 eng d
010 ## -
-- 2014360773
020 ## - INTERNATIONAL STANDARD BOOK NUMBER
International Standard Book Number 9788184653885 (paperback)
020 ## - INTERNATIONAL STANDARD BOOK NUMBER
International Standard Book Number 8184653883 (paperback)
025 ## - OVERSEAS ACQUISITION NUMBER
Overseas acquisition number I-E-2014-360773; 13-91
035 ## - SYSTEM CONTROL NUMBER
System control number (OCoLC)ocn879958554
035 ## - SYSTEM CONTROL NUMBER
System control number (OCoLC)879958554
037 ## - SOURCE OF ACQUISITION
Source of stock number/acquisition Library of Congress -- New Delhi Overseas Office
040 ## - CATALOGING SOURCE
Original cataloging agency DKAGE
Language of cataloging eng
Description conventions rda
Transcribing agency DKAGE
Modifying agency OCLCO
-- UKMGB
-- OCLCF
-- DLC
042 ## -
-- lccopycat
-- lcode
043 ## -
-- a-ii---
050 00 -
-- BR1644.5.I4
-- Z85 2014
082 04 - DEWEY DECIMAL CLASSIFICATION NUMBER
Classification number 270.8209541
Edition information 23
Item number ZEL
100 1# - MAIN ENTRY--PERSONAL NAME
Personal name Zeliang, Elungkiebe,
Relator term author.
9 (RLIN) 4681
245 10 - TITLE STATEMENT
Title Charismatic movements in the Baptist churches in North East India :
Remainder of title a Zeliangrong perspective /
Statement of responsibility, etc. Elungkiebe Zeliang.
264 #1 - PRODUCTION, PUBLICATION, DISTRIBUTION, MANUFACTURE, AND COPYRIGHT NOTICE
Place of production, publication, distribution, manufacture Delhi :
Name of producer, publisher, distributor, manufacturer ISPCK,
Date of production, publication, distribution, manufacture, or copyright notice 2014.
300 ## - PHYSICAL DESCRIPTION
Extent xli, 417 pages ;
Dimensions 24 cm
336 ## - CONTENT TYPE
Content type term text
Content type code txt
Source rdacontent
337 ## - MEDIA TYPE
Media type term unmediated
Media type code n
Source rdamedia
338 ## - CARRIER TYPE
Carrier type term volume
Carrier type code nc
Source rdacarrier
500 ## - GENERAL NOTE
General note Originally presented as the author's thesis.
504 ## - BIBLIOGRAPHY, ETC. NOTE
Bibliography, etc. note Includes bibliographical references (pages 346-378).
650 #0 - SUBJECT ADDED ENTRY--TOPICAL TERM
Topical term or geographic name entry element Pentecostalism
Geographic subdivision India, Northeastern
General subdivision History.
9 (RLIN) 16773
650 #0 - SUBJECT ADDED ENTRY--TOPICAL TERM
Topical term or geographic name entry element Zeliangrong (Indic people)
Geographic subdivision India, Northeastern
General subdivision Religion.
9 (RLIN) 16774
650 #0 - SUBJECT ADDED ENTRY--TOPICAL TERM
Topical term or geographic name entry element Baptists
Geographic subdivision India, Northeastern
General subdivision History.
9 (RLIN) 16775
651 #0 - SUBJECT ADDED ENTRY--GEOGRAPHIC NAME
Geographic name India, Northeastern
General subdivision Church history.
9 (RLIN) 2119
710 2# - ADDED ENTRY--CORPORATE NAME
Corporate name or jurisdiction name as entry element I.S.P.C.K. (Organization)
9 (RLIN) 393
906 ## - LOCAL DATA ELEMENT F, LDF (RLIN)
a 7
b cbc
c copycat
d 3
e ncip
f 20
g y-gencatlg
942 ## - ADDED ENTRY ELEMENTS (KOHA)
Source of classification or shelving scheme Dewey Decimal Classification
Koha item type Books
Koha issues (borrowed), all copies 1
Holdings
Withdrawn status Lost status Source of classification or shelving scheme Damaged status Not for loan Home library Current Library Shelving location Date acquired Total checkouts Full call number Barcode Date last seen Date last checked out Copy number Price effective from Koha item type
    Dewey Decimal Classification     GRACE BIBLE COLLEGE GRACE BIBLE COLLEGE North East Collection 2023-04-10 2 270.8209541 ZEL 016187 2026-01-15 2026-01-13 c.1 2023-04-10 Books
© Grace Bible College Library 2025